Derek O,Brien's essential knowledge quiz book / (Record no. 4580)

MARC details
000 -LEADER
fixed length control field 00481 a2200157 4500
010 ## - LCCN (DPL NO)
LC control number ENG-86457
020 ## - INTERNATIONAL STANDARD BOOK NUMBER
International Standard Book Number 0143061984
Terms of availability 250.00
035 ## - SYSTEM CONTROL NUMBER
System control number EN-69990
037 ## - SOURCE OF ACQUISITION
Source of stock number/acquisition DBAD / PUB
082 14 - DEWEY DECIMAL CLASSIFICATION NUMBER
Classification number 000
245 1# - TITLE STATEMENT
Title Derek O,Brien's essential knowledge quiz book /
260 ## - PUBLICATION, DISTRIBUTION, ETC. (IMPRINT)
Place of publication, distribution, etc New Delhi
Name of publisher, distributor, etc Penguin Books
Date of publication, distribution, etc 2006
270 ## - ADDRESS
Address 11, Community Centre, Panchsheel Park
City New Delhi
State or province West Bengal
Postal code 110 017
300 ## - PHYSICAL DESCRIPTION
Extent x,341 p.
Dimensions 20cm (Pbk)
942 ## - ADDED ENTRY ELEMENTS (KOHA)
Institution code [OBSOLETE] dpl
Item type English Books
Source of classification or shelving scheme Dewey Decimal Classification
Classification part 000
Call number suffix DER
Holdings
Withdrawn status Lost status Not for loan Collection code Home library Current library Source of acquisition Cost, normal purchase price Full call number Barcode Copy number Cost, replacement price Koha item type
    Not For Loan Non-fiction D.B.Act.Division D.B.Act.Division DBAD/PUB 250.00 000 DER EN-69990 1 250.00 English Books

© Delhi Public Library
Hit Counter
free hit counter